000
00283nam a2200109Ia 4500
008
190913s9999||||xx |||||||||||||| ||und||
100
_a
Lammle,Todd
245
0
_a
CCNP Exam Notes:Advanced Cisco Router Configuration
260
_a
UK
_b
Prentice Hall
_c
2001
300
_a
779
942
_c
BK
999
_c
8288
_d
8288